Los Angeles Lakers First Round Draft Picks - Statistics

General Stats
  • This quiz has been taken 318 times
    146 since last reset
  • The average score is 7 of 34
Answer Stats
Year Pick College Player % Correct
1979 1 Michigan State Magic Johnson
81%
2017 2 UCLA Lonzo Ball
72%
2024 17 Tennessee Dalton Knecht
64%
2016 2 Duke Brandon Ingram
61%
1982 1 North Carolina James Worthy
59%
2015 2 Ohio State D'Angelo Russell
58%
2014 7 Kentucky Julius Randle
38%
1989 26 Yugoslavia Vlade Divac
34%
2005 10 High school Andrew Bynum
29%
1996 24 AR-Little Rock Derek Fisher
26%
2023 17 Indiana Jalen Hood-Schifino
26%
1985 23 Oregon State A.C. Green
22%
1984 23 District of Columbia Earl Jones
19%
1994 10 Temple Eddie Jones
19%
2019 4 Virginia De'Andre Hunter
15%
2015 27 Wyoming Larry Nance Jr.
14%
2018 25 Michigan Moritz Wagner
11%
2004 27 Slovenia Sasha Vujačić
10%
1999 23 Augsburg Devean George
9%
1990 27 Clemson Elden Campbell
6%
2000 29 Stanford Mark Madsen
6%
2006 26 UCLA Jordan Farmar
5%
2003 24 Illinois Brian Cook
4%
1988 25 Notre Dame David Rivers
4%
1992 15 Missouri Anthony Peeler
3%
1993 12 North Carolina George Lynch
3%
2017 28 Utah Tony Bradley
3%
1979 14 UCLA Brad Holland
2%
2002 27 Fresno State Chris Jefferies
2%
2007 19 Georgia Tech Javaris Crittenton
2%
1986 23 Notre Dame Ken Barlow
2%
1981 19 Michigan Mike McGee
2%
1998 26 Minnesota Sam Jacobson
2%
2009 29 Florida State Toney Douglas
2%
No matching quizzes found
Score Distribution
Percent of People with Each Score
Percentile by Number Answered
Your Score History
You have not taken this quiz since the last reset